Sining ng pagsasaling- wika ( sa Filipino mula sa Ingles)/ (Record no. 6270)

MARC details
000 -LEADER
fixed length control field 00628nam a22001937a 4500
003 - CONTROL NUMBER IDENTIFIER
control field OSt
005 - DATE AND TIME OF LATEST TRANSACTION
control field 20251125133828.0
008 - FIXED-LENGTH DATA ELEMENTS--GENERAL INFORMATION
fixed length control field 251125b |||||||| |||| 00| 0 eng d
020 ## - INTERNATIONAL STANDARD BOOK NUMBER
International Standard Book Number 978-971-23-3705-5
040 ## - CATALOGING SOURCE
Original cataloging agency DWC-Main lib
Transcribing agency OC
082 ## - DEWEY DECIMAL CLASSIFICATION NUMBER
Classification number Fil. 418.211 S235s 2003
100 ## - MAIN ENTRY--PERSONAL NAME
Personal name Santiago, Alfonso O.
245 ## - TITLE STATEMENT
Title Sining ng pagsasaling- wika ( sa Filipino mula sa Ingles)/
Statement of responsibility, etc. Alfonso O. Santiago
260 ## - PUBLICATION, DISTRIBUTION, ETC.
Place of publication, distribution, etc. Manila,
Name of publisher, distributor, etc. Rex Bookstore ,
Date of publication, distribution, etc. c2003
300 ## - PHYSICAL DESCRIPTION
Extent xvi, 265 pages :
Other physical details illustrations ;
Dimensions 25cm.
504 ## - BIBLIOGRAPHY, ETC. NOTE
Bibliography, etc. note Includes index
650 ## - SUBJECT ADDED ENTRY--TOPICAL TERM
Topical term or geographic name entry element 1. Translating and Interpreting
942 ## - ADDED ENTRY ELEMENTS (KOHA)
Source of classification or shelving scheme Dewey Decimal Classification
Koha item type Book-Filipiniana
Call number prefix Fil.
Suppress in OPAC No
952 ## - LOCATION AND ITEM INFORMATION (KOHA)
--
Holdings
Withdrawn status Lost status Source of classification or shelving scheme Damaged status Not for loan Home library Current library Shelving location Date acquired Source of acquisition Total Checkouts Full call number Barcode Date last seen Copy number Price effective from Koha item type Uniform Resource Identifier
    Dewey Decimal Classification     College Library College Library Filipiniana 07/06/2021 Replacement   Fil. 418.211 S235s 2003 52899 11/25/2025 c1 11/25/2025 BK - FIL